Kanban folyamatok működése a General Electric vállalaton belül

Bibliográfiai részletek
Szerző: Zsóka Zsanett
További közreműködők: Gubán Dr. Ákos
Dokumentumtípus: Diplomadolgozat
Kulcsszavak:Kanban
YLB680
Oracle
Online Access:http://dolgozattar.uni-bge.hu/11707

MARC

LEADER 00000nta a2200000 i 4500
001 dolg11707
005 20170517135705.0
008 170517suuuu hu om 000 hun d
040 |a BGE Dolgozattár Repozitórium  |b hun 
041 |a hu 
100 1 |a Zsóka Zsanett 
245 1 0 |a Kanban folyamatok működése a General Electric vállalaton belül  |c Zsóka Zsanett  |h [elektronikus dokumentum] 
246 1 1 |a Kanban folyamatok működése a General Electric vállalaton belül 
695 |a Kanban 
695 |a YLB680 
695 |a Oracle 
700 1 |a Gubán Dr. Ákos  |e ths 
856 4 0 |u http://dolgozattar.uni-bge.hu/11707/1/Kanban%20szakdolgozat_05_16.pdf  |z Dokumentum-elérés 
856 4 0 |u http://dolgozattar.uni-bge.hu/11707/17/Nyilatkozat.pdf  |z Dokumentum-elérés 
856 4 0 |u http://dolgozattar.uni-bge.hu/11707/18/Titkositasi%20kerelem%20sz.pdf  |z Dokumentum-elérés